000 00499nam a2200145Ia 4500
008 151213s9999 xx 000 0 und d
100 _aDr. Muhammad Mahbubul Haque & Dr. Md. Yousuf Ali Mollah
245 _aPrinciple of Physical Chemistry
_cDr. Muhammad Mahbubul Haque & Dr. Md. Yousuf Ali Mollah
260 _aDhaka
_bBrother'S Publications
_c2009
300 _a7381 p.
650 _aE E E
650 _ascience
700 _aDr. Muhammad Mahbubul Haque & Dr. Md. Yousuf Ali Mollah
999 _c3922
_d3922